[Event "C.to Italiano U16 Finale"]
[Site "Torre Macauda - Sciacca ITA"]
[Date "2000.07.06"]
[Round "1"]
[White "Berni, Giorgio"]
[Black "Drabke, Lorenz Maximilian"]
[Result "0-1"]
[WhiteElo "1905"]
[BlackElo "2144"]
[PlyCount "60"]
[EventDate "2000.07.06"]

1.e4 c5 2.Nf3 Nc6 3.d4 cxd4 4.Nxd4 e6 5.Nb5 d6 6.c4 Nf6 7.N1c3 a6 8.Na3 b6
9.Be3 Be7 10.f3 O-O 11.Be2 Ne5 12.O-O Ned7 13.Kh1 Bb7 14.Qd2 Qc7 15.Rac1 
Rfe8 16.Rfd1 Rac8 17.Bf1 Qb8 18.Nc2 Ba8 19.Nd4 Bd8 20.Bg1 Bc7 21.b3 Rcd8 
22.Re1 Ne5 23.f4 Ng6 24.f5 Ne5 25.Bf2 d5 26.fxe6 fxe6 27.Bh4 dxc4 28.bxc4 
Neg4 29.Bxf6 Nxf6 30.Qe3 Bf4 0-1

[Event "C.to Italiano U16 Finale"]
[Site "Torre Macauda - Sciacca ITA"]
[Date "2000.07.06"]
[Round "1"]
[White "Tomba, Ivan"]
[Black "Di Caro, Calogero"]
[Result "1/2-1/2"]
[WhiteElo "2022"]
[BlackElo "1819"]
[PlyCount "59"]
[EventDate "2000.07.06"]

1.e4 e6 2.d4 d5 3.e5 c5 4.c3 Nc6 5.Nf3 Nge7 6.Bd3 cxd4 7.cxd4 Nf5 8.Bxf5 
exf5 9.Qb3 Qb6 10.Qxb6 axb6 11.Nc3 Be6 12.O-O Be7 13.Nb5 Ra5 14.a4 Kd7 15.
Bg5 Bb4 16.Bd2 Bxd2 17.Nxd2 f4 18.Rfc1 Rha8 19.b3 h6 20.h3 Bf5 21.Nf3 Bd3 
22.Nd6 Be4 23.Nxe4 dxe4 24.Nd2 Nxd4 25.Rd1 Kc7 26.Nxe4 Nxb3 27.Rab1 Nc5 
28.Nd6 Rd8 29.Nc4 Kc8 30.Nd6+ 1/2-1/2

[Event "C.to Italiano U16 Finale"]
[Site "Torre Macauda - Sciacca ITA"]
[Date "2000.07.06"]
[Round "2"]
[White "Berni, Giorgio"]
[Black "Tomba, Ivan"]
[Result "1-0"]
[WhiteElo "1905"]
[BlackElo "2022"]
[PlyCount "107"]
[EventDate "2000.07.06"]

1.e4 c5 2.Nf3 d6 3.d4 cxd4 4.Nxd4 Nf6 5.Nc3 a6 6.Bg5 e6 7.f4 Be7 8.Qf3 Qc7
9.O-O-O Nbd7 10.g4 b5 11.Bxf6 Nxf6 12.g5 Nd7 13.f5 Bxg5+ 14.Kb1 Ne5 15.Qh5
Qe7 16.fxe6 g6 17.exf7+ Kf8 18.Qe2 Bg4 19.Qe1 Bxd1 20.Qxd1 Kxf7 21.Nd5 Qa7
22.h4 Bd8 23.Bh3 Re8 24.Nf5 gxf5 25.Qh5+ Kf8 26.Rf1 Qg7 27.Bxf5 Nf7 28.
Bxh7 Re6 29.Nf4 Rh6 30.Qd5 Ra7 31.Bf5 Qe5 32.Qd2 Bxh4 33.Ng6+ Rxg6 34.Bxg6
Bf6 35.c3 Qg5 36.Qf2 Qxg6 37.Qxa7 Qxe4+ 38.Ka1 Qc6 39.Qf2 Qd5 40.Qxf6 Ke8 
41.Qf3 Qxf3 42.Rxf3 Ne5 43.Rh3 Kd7 44.Kb1 Kc6 45.Kc2 Kc5 46.b3 Kd5 47.Rh8 
Kc6 48.Kd2 Nd7 49.Ke3 Nc5 50.Rc8+ Kb7 51.Rg8 Kc6 52.c4 Nd7 53.Kd4 Nb6 54.
Rg6 1-0

[Event "C.to Italiano U16 Finale"]
[Site "Torre Macauda - Sciacca ITA"]
[Date "2000.07.06"]
[Round "2"]
[White "Drabke, Lorenz Maximilian"]
[Black "Di Caro, Calogero"]
[Result "1/2-1/2"]
[WhiteElo "2144"]
[BlackElo "1819"]
[PlyCount "51"]
[EventDate "2000.07.06"]

1.c4 f5 2.g3 Nf6 3.Bg2 g6 4.Nc3 Bg7 5.d3 O-O 6.e4 e5 7.Nge2 Nc6 8.O-O d6 
9.Nd5 Ne7 10.Nxf6+ Bxf6 11.Bh6 Rf7 12.Qd2 c6 13.d4 fxe4 14.dxe5 Bxe5 15.
Bxe4 Qb6 16.Rab1 Bh3 17.Bg2 Bf5 18.Rbd1 Qxb2 19.Qxb2 Bxb2 20.Rxd6 Be5 21.
Rd2 Be6 22.Rc1 Nf5 23.Bg5 h6 24.Nf4 Bxc4 25.Rxc4 hxg5 26.Nxg6 1/2-1/2

[Event "C.to Italiano U16 Finale"]
[Site "Torre Macauda - Sciacca ITA"]
[Date "2000.07.07"]
[Round "3"]
[White "Di Caro, Calogero"]
[Black "Berni, Giorgio"]
[Result "0-1"]
[WhiteElo "1819"]
[BlackElo "1905"]
[PlyCount "97"]
[EventDate "2000.07.06"]

1.d4 d5 2.c4 c6 3.Nf3 Nf6 4.Nc3 dxc4 5.a4 Na6 6.g3 Bf5 7.Nh4 Bg6 8.Bg2 e6 
9.O-O Be7 10.e4 Bh5 11.Nf3 O-O 12.h3 Bxf3 13.Bxf3 Nb4 14.Be3 Qa5 15.Qe2 
Nd3 16.Qc2 Bb4 17.Bd2 Rad8 18.e5 Ne8 19.Be3 Nxb2 20.Ne4 c3 21.Ng5 g6 22.
Qe4 Be7 23.Qh4 Bxg5 24.Bxg5 f6 25.exf6 Rf7 26.Rae1 Nc7 27.Re4 Nc4 28.Bg4 
Qd5 29.Rfe1 Re8 30.Qh6 Nd6 31.Re5 Qc4 32.h4 Nf5 33.Bxf5 gxf5 34.Be3 Kh8 
35.Qh5 Rxf6 36.Bg5 Rg6 37.Bh6 Qxd4 38.Bg5 c2 39.Qe2 h6 40.Qh5 Kg7 41.Bf4 
Nd5 42.Bxh6+ Rxh6 43.Qxe8 Qxe5 44.Qd7+ Kg8 45.Qe8+ Kh7 46.Rxe5 c1=Q+ 47.
Kh2 Rxh4+ 48.gxh4 Qf4+ 49.Kg1 0-1

[Event "C.to Italiano U16 Finale"]
[Site "Torre Macauda - Sciacca ITA"]
[Date "2000.07.07"]
[Round "3"]
[White "Tomba, Ivan"]
[Black "Drabke, Lorenz Maximilian"]
[Result "1/2-1/2"]
[WhiteElo "2022"]
[BlackElo "2144"]
[PlyCount "79"]
[EventDate "2000.07.06"]

1.e4 c5 2.Nf3 e6 3.d4 cxd4 4.Nxd4 a6 5.Bd3 Bc5 6.Nb3 Ba7 7.c4 Nc6 8.Nc3 
Nge7 9.Qe2 d6 10.Be3 e5 11.Bxa7 Rxa7 12.O-O Be6 13.Rac1 O-O 14.Nd5 Ra8 15.
Bb1 Rc8 16.Rfd1 Bxd5 17.exd5 Nb8 18.Nd2 Nd7 19.Nf3 h6 20.b4 b6 21.c5 bxc5 
22.Qxa6 Nb8 23.Qb5 cxb4 24.Qxb4 Na6 25.Qd2 Qb6 26.Rc2 Rxc2 27.Bxc2 Rc8 28.
h3 Rc5 29.Bb3 Nb4 30.Ne1 Nbxd5 31.Nd3 Rb5 32.Nb2 Qb7 33.Nc4 Nf4 34.f3 Rd5 
35.Qc2 Qa7+ 36.Kh2 Rxd1 37.Qxd1 Nf5 38.Qg1 Qc7 39.Qb6 Qxb6 40.Nxb6 1/2-1/2